Brawler di Brawl Stars - Statistics

Statistiche generali
  • Questo quiz è stato fatto 300 volte
  • Il punteggio medio è 37 su 70
Statistiche sulle risposte
Risposta % Corretto
Shelly
96%
Colt
90%
Bo
85%
Corvo
82%
El Primo
82%
Spike
81%
Nita
80%
Bull
78%
Leon
78%
Bombardino
75%
Rosa
74%
Mortis
73%
Jessie
72%
Gelindo
70%
Piper
70%
Frank
69%
Energetik
68%
Penny
68%
Pocho
67%
Stecca
66%
Dynamike
63%
Barryl
62%
Brock
62%
Edgar
62%
Carl
59%
Sandy
59%
Tara
59%
Tick
59%
Pam
57%
8-Bit
56%
Ambra
56%
Emz
56%
Eugenio
56%
Colette
53%
Meg
52%
Jacky
51%
Bibi
49%
Stu
48%
Buzz
46%
Gus
46%
Bea
45%
Lou
45%
Mandy
45%
Semino
44%
Chester
43%
Belle
40%
Maxine
40%
Mister P
39%
Ringhio
39%
Iris
38%
Sam
37%
Byron
36%
Cordelius
36%
Grom
35%
Squeak
33%
Fang
32%
Griff
32%
Maisie
32%
Bonnie
31%
Hank
31%
Gray
30%
Lola
30%
Ash
29%
Janet
29%
Buster
28%
Otis
27%
Doug
26%
Eve
24%
R-T
22%
Willow
22%
Nessun quiz corrispondente trovato
Distribuzione punteggi
Percentuale di utenti per punteggio
Percentile per numero di risposta
I tuoi punteggi nel tempo
Non hai fatto questo quiz